000 00515nam a2200181 i 4500
001 145729
003 ES-MaACL
005 20250912063052.0
007 t|
008 071016s1923 sp ||||1| spa d
100 1 _aVera, Vicente,
_d1855-1934
_9113953
245 1 0 _aIndustrias agrícolas /
_cpor Vicente Vera.
260 _aMadrid :
_bArtes de la Ilustración,
_c1923.
300 _a94 p. ;
_c19 cm.
650 1 4 _aIndustria agrícola.
_913717
852 _aES-MaACL
_jA-4996
999 _c145729
_d145729